Effect of host plants on development and yield cocoon of eri silkworm ឥទ្ធិពលចំណីលើការវិវត្តន៍ និងទិន្នផលសំបុកសូត្រដង្កូវនាងអេរ៉ី (Record no. 1265)

000 -LEADER
fixed length control field 00600nam a22001337a 4500
040 ## - CATALOGING SOURCE
Transcribing agency RUA
082 ## - DEWEY DECIMAL CLASSIFICATION NUMBER
Classification number AGR RAT 2013 B054 Or.1
100 ## - MAIN ENTRY--AUTHOR NAME
Personal name RATH, CHANTARA.
245 ## - TITLE STATEMENT
Title Effect of host plants on development and yield cocoon of eri silkworm ឥទ្ធិពលចំណីលើការវិវត្តន៍ និងទិន្នផលសំបុកសូត្រដង្កូវនាងអេរ៉ី
260 ## - PUBLICATION, DISTRIBUTION, ETC. (IMPRINT)
Place of publication Phnom penh
Name of publisher RUA
Year of publication 2013
300 ## - PHYSICAL DESCRIPTION
Number of Pages x; 40p.
Other physical details ill.
Dimensions 29cm.
856 ## - ELECTRONIC LOCATION AND ACCESS
Uniform Resource Identifier https://drive.google.com/file/d/1x-w1mTMRXTS-6Go1S5Bd63kwFlrqK-Vt/view?usp=sharing
942 ## - ADDED ENTRY ELEMENTS (KOHA)
Koha item type AGR
952 ## - LOCATION AND ITEM INFORMATION (KOHA)
Withdrawn status [LOCAL, KOHA] 0
952 ## - LOCATION AND ITEM INFORMATION (KOHA)
Withdrawn status [LOCAL, KOHA] 0
952 ## - LOCATION AND ITEM INFORMATION (KOHA)
Withdrawn status [LOCAL, KOHA] 0
952 ## - LOCATION AND ITEM INFORMATION (KOHA)
Withdrawn status [LOCAL, KOHA] 0
952 ## - LOCATION AND ITEM INFORMATION (KOHA)
Withdrawn status [LOCAL, KOHA] 0
952 ## - LOCATION AND ITEM INFORMATION (KOHA)
Withdrawn status [LOCAL, KOHA] 0
952 ## - LOCATION AND ITEM INFORMATION (KOHA)
Withdrawn status [LOCAL, KOHA] 0
952 ## - LOCATION AND ITEM INFORMATION (KOHA)
Withdrawn status [LOCAL, KOHA] 0
952 ## - LOCATION AND ITEM INFORMATION (KOHA)
Withdrawn status [LOCAL, KOHA] 0
952 ## - LOCATION AND ITEM INFORMATION (KOHA)
Withdrawn status [LOCAL, KOHA] 0
Holdings
Permanent Location Date acquired Koha item type Lost status Shelving location Barcode Current Location Full call number
Library Block B2015-09-25AGR B054RUA006972Library Block BAGR RAT 2013 B054 Or.1
Library Block B2015-09-25AGR B054RUA006520Library Block BAGR RAT 2013 B054 Or.2
Library Block B2015-09-25AGR B054RUA006518Library Block BAGR RAT 2013 B054 Or.3
Library Block B2015-09-25AGR B054RUA006540Library Block BAGR RAT 2013 B054 Or.4
Library Block B2015-09-25AGR B054RUA006535Library Block BAGR RAT 2013 B054 Or.5
Library Block B2015-09-26AGR  RUA009687Library Block BAGR RAT 2013 B054 Or.6
Library Block B2015-09-26AGR  RUA004697Library Block BAGR RAT 2013 B054 Or.7
Library Block B2015-09-26AGR  RUA004762Library Block BAGR RAT 2013 B054 Or.8
Library Block B2018-12-24AGR B1.194A41850Library Block BAGR RAT 2013 B1.194 Or.1
Library Block B2019-01-21AGR B1.210A41283Library Block BAGR RAT 2013 B1.210 Or.2
មជ្ឈមណ្ឌលឯការនៃសាកលវិទ្យាល័យភូមិន្ទកសិកម្មចំការដូង

Powered by Koha